Zia Mame : già La signora mia zia /

Đã lưu trong:
Chi tiết về thư mục
Tác giả chính: Kaper, Bronislaw, (1902-1983) (Nhà soạn nhạc)
Tác giả khác: Comden, Betty (Người viết kịch bản), Green, Adolph (Người viết kịch bản), Browne, Coral (Diễn viên), Clark, Fred (Diễn viên), Da Costa, Morton (Giám đốc), Russell, Rosalind (Diễn viên), Tucker, Forrest (Diễn viên)
Định dạng: Slide
Ngôn ngữ:Tiếng Italy
Tiếng Anh
Được phát hành: [Milano] : Warner home video, ©2009
Các nhãn: Thêm thẻ
Không có thẻ, Là người đầu tiên thẻ bản ghi này!

MARC

LEADER 00000ngm a22000007i 4500
001 IT\ICCU\RAV\1856534
003 ItRI
005 20260124182804.0
008 091107s2009 it |||||||||||||||k|||||c
024 3 1 |a 5051891009813 
028 4 2 |a 1000120150 
028 4 2 |a 5000070620 
028 4 2 |a PA2094D 
040 |b ita 
041 7 |a ita  |a eng  |2 ISO-639-2 
082 |a 791.43  |9 CINEMA  |2 19 
130 0 |a Auntie Mame <film ; 1958>  |3 IT\ICCU\RAV\1873586 
245 0 0 |a Zia Mame :  |b già La signora mia zia /  |c directed by Morton DaCosta ; screenplay by Betty Comden and Adolph Green ; from the novel by Patrick Dennis ; music composed by Bronislaw Kaper. 
246 1 3 |a La signora mia zia  |9 IT\ICCU\LIG\0071269 
260 |a [Milano] :  |b Warner home video,  |c ©2009 
300 |a 1 DVD-Video (circa 137 min) :  |b color., sonoro ;  |c 12 cm 
500 |a Caratteristiche tecniche: regione 2; 2.35:1, 16:9; adatto ad ogni tipo di televisore; Dolby digital 1.0 mono 
500 |a Lingue: italiano, inglese 
500 |a Titolo del contenitore 
500 |a Interpreti: Rosalind Russell, Forrest Tucker, Coral Browne, Fred Clark 
500 |a Produzione cinematografica: USA, 1958 
500 |a DVD doppio strato 
500 |a Allegato alle testate del gruppo Mondadori. 
700 1 |a Kaper, Bronislaw,  |d  (1902-1983)  |0 IT\ICCU\CUBV\085789  |4 cmp 
700 1 |a Comden, Betty  |0 IT\ICCU\RAVV\088914  |4 sce 
700 1 |a Green, Adolph  |0 IT\ICCU\RAVV\088915  |4 sce 
700 1 |a Browne, Coral  |0 IT\ICCU\RAVV\089355  |4 act 
700 1 |a Clark, Fred  |0 IT\ICCU\RAVV\328407  |4 act 
700 1 |a Da Costa, Morton  |0 IT\ICCU\RAVV\469474  |4 drt 
700 1 |a Dennis, Patrick  |0 IT\ICCU\SBLV\135083  |4 ant 
700 1 |a Russell, Rosalind  |0 IT\ICCU\UBOV\542646  |4 act 
700 1 |a Tucker, Forrest  |0 IT\ICCU\UBOV\682621  |4 act 
790 1 |a Kaper, Bronislau,  |d  (1902-1983)  |3 IT\ICCU\TO0V\685112  |z Kaper, Bronislaw (1902-1983) 
790 1 |a Tanner, Edward Everett  |3 IT\ICCU\MODV\639631  |z Dennis, Patrick 
790 1 |a Rowans, Virginia  |3 IT\ICCU\SBLV\237554  |z Dennis, Patrick 
942 |2 ddc  |c VM  |n 0 
952 |0 0  |1 0  |4 0  |6 VO_1759_000000000000000  |7 0  |9 26262  |a BO  |b BO  |d 2026-01-24  |i 13674  |l 0  |o VO 1759  |p BO13674  |r 2026-01-24 18:28:04  |w 2026-01-24  |x [Sebina 5] [1 dvd]  |y VM  |z 1 dvd 
999 |c 22187  |d 22187